Państwa produkujące najwięcej pojazdów silnikowych - Statystyki

Ogólne statystyki
  • Ten quiz został rozwiązany 28 707 razy
    3 658 od ostatniego zresetowania
  • Średni wynik to 16 z 20
Statystyki odpowiedzi
Jednostki Kraj % Poprawnych
30,2 mln Chiny
99%
4,11 mln Niemcy
99%
10,6 mln Stany Zjednoczone
99%
1,51 mln Francja
96%
9,00 mln Japonia
96%
0,88 mln Włochy
91%
2,45 mln Hiszpania
90%
5,85 mln Indie
90%
1,55 mln Kanada
88%
2,32 mln Brazylia
87%
1,03 mln Wielka Brytania
87%
4,00 mln Meksyk
85%
4,24 mln Korea Południowa
84%
1,47 mln Turcja
67%
1,40 mln Czechy
65%
1,40 mln Indonezja
64%
1,84 mln Tajlandia
52%
1,19 mln Iran
51%
1,08 mln Słowacja
40%
0,77 mln Malezja
39%
Nie znaleziono quizów pasujących do podanych kryteriów
Rozkład punktacji
Procent ludzi z każdym wynikiem
Percentyl według liczby udzielonych odpowiedzi
Twoja historia wyników
Nie rozwiązałeś tego quizu od ostatniego zresetowania